Statistics for It's Always Sunny in Philadelphia Character quiz

Click here to take the quiz!

General Stats

  • This quiz has been taken 523 times
  • The average score is 14 of 25

Answer Stats

HintAnswer% Correct
The object of Charlie's affectionsThe Waitress
98%
Defrocked priest who had a crush on Deandra in high schoolMatthew Mara
96%
Greasy, unibrowed, bathrobe-clad brothers who accuse a former gym teacher of molestation.Liam and Ryan McPoyle
90%
Dee's actress friend; openly discusses her sex life and shares a food fetish with FrankArtemis
78%
Dennis and Dee's annoying cousin who they throw salt at.Gail the Snail
72%
Charlie's creepy uncleJack Kelly
72%
Male-to-female transsexual who was dating MacCarmen
71%
Dennis's high school girlfriend and later ex-wifeMaureen Ponderosa
71%
Dee's formerly obese high school friend who owns her own clothing store.Ingrid Nelson
62%
Dee's high school crush whom she dates, not knowing he has a wife and another mistress.Bill Ponderosa
62%
Sweet Dee's online chat buddy. He served as an American soldier in Iraq and is mistaken by her for a handicapped person while getting off a bus in a wheelchair.Ben Smith
59%
Seemingly retarded rapper who dates Dee. He later emerges as the potential father of her baby.Kevin Gallagher
58%
Dennis and Mac's former friend whom the kick out of the gang (and a moving car) to make Charlie happy.Peter "Schmitty" Schmidt
57%
^ Their deaf-mute sisterMargaret McPoyle
55%
Mac's convicted felon fatherLuther McDonald
51%
Frank's golddigging ex-wife and Dennis and Deandra's motherBarbara Reynolds
49%
Pimp who loves Fraggle Rock and refers to himself in the third personPepper Jack
49%
Dennis and Deandra's biological father; a humanitarian who calls the gang 'the most horrible people alive'.Bruce Mathis
48%
Charlie's mom, who becomes Frank's "bang maid".Bonnie Kelly
39%
Dennis and Dee's Nazi GrandfatherHeinrich "Pop Pop" Landgraf
38%
12 year old Korean waitress who followed Charlie Kelly to his home from her father's bar.Sun-Li
35%
Attorney who has a strong dislike for the Gang. Despite them wanting to use his expertise, he often uses his sharp intellect and educational background against them.The Lawyer
32%
Member of Frank's doo-wop gang, Yellow Jacket Boys, who has a heart attack and dies.Hawky
14%
The dead guy from the episode "The Gang Finds a Dead Guy"Lionel Keane
11%
Food critic for the Philadelphia Inquirer that wrote a review of Paddy's Pub entitled, "Paddy's Pub: The Worst Bar in Philadelphia"Lyle Corman
3%

Score Distribution

Percentile by Number Answered

Percent of People with Each Score

Your Score History

You have not taken this quiz